00685nam a2200217Ia 4500003000900000008004100009040001300050040001300063041000800076100001600084245006500100250002200165260002100187260000900208300001100217300001200228490000600240942000700246999001700253952019700270IT-RoPAU120407s9999 xx 000 0 und d aIT-RoPAU cIT-RoPAU aita aBruno Massa aGuarire dal “mal di testa”. La cura dolce della cefalea. aCinisello Balsamo aEdizioni Paoline c1989 a198 p. c24,5 cm v1 cBK c28241d28241 00102ddc406615_90000000000000071aPAULUSbPAULUSd2012-04-11l0o615.9r2012-04-11 00:00:00w2012-04-11yBKzInserito da: Jole In data: 12 settembre 2011 fondo: Via A.Severo 56 Progr:10210